000 01190nam0a2200289 4500
001 RU\NLR\bibl\1673152
005 20250616045130.0
010 _a978-5-367-01405-1
_92000
021 _aRU
_b2010-58909
_93855
035 _a(NLR Aleph) 001664395
090 _a1001842
_c1001842
100 _a20100910d2010 |||y0rusy50 ca
101 1 _arus
_cscc
102 _aRU
105 _ay |||||||||
200 1 _aРазличия
_e[рассказы]
_fГоран Петрович
_g[пер. с серб.: Л. Савельева]
210 _aСанкт-Петербург
_cАмфора
_d2010
215 _a253, [2] с.
_d19
327 1 _aСодерж.: Найди и обведи; Последний киносеанс; Над пятью потрескавшимися цветочными горшками; Богородица и другие видения; Между двумя сигналами
686 _aШ6(4Ю)417.7-440.5{Лх1199-80}
700 1 _4070
_7ca
_8rus
_aПетрович
_bГ.
_f1961-2024
_gГоран
_92642037
_3RU\NLR\AUTH\770272228
801 0 _aRU
_bNLR
_c20100910
_gRCR
801 1 _aRU
_bNLR
_c20100910
830 _aпо эк
942 _cBOOK
980 _aNB